[Event "Wch U18 Girls"]
[Site "Montesilvano"]
[Date "2023.11.22"]
[Round "9"]
[White "Oviedo Acosta, Paula"]
[Black "Groeschel, Karoline"]
[Result "0-1"]
[WhiteElo "1639"]
[BlackElo "1924"]
[PlyCount "58"]
[EventDate "2023.11.13"]
[EventType "swiss"]
[EventRounds "11"]
[EventCountry "ITA"]
[SourceTitle "CB48_2023"]
[SourceDate "2023.11.29"]
[SourceVersion "1"]
[SourceVersionDate "2023.11.29"]
[SourceQuality "1"]

1. e4 c5 2. Nc3 Nc6 3. Nf3 d6 4. d4 cxd4 5. Nxd4 Nf6 6. Be3 Ng4 7. Nxc6 bxc6 8. Qf3 Nxe3 9. Qxe3 g6 10. e5 Bg7 11. exd6 Qxd6 12. Bd3 Qb4 13. 0-0 Qxb2 14. Rae1 0-0 15. Nd1 Qxa2 16. Qxe7 Be6 17. h4 Rfe8 18. Qd6 Qd5 19. Qg3 a5 20. Ne3 Qc5 21. Qf3 a4 22. h5 Qxh5 23. Qxc6 Rec8 24. Qb7 Qa5 25. c4 a3 26. Nc2 Qc7 27. Qb3 Rcb8 28. Nb4 Bf8 29. Bxg6 hxg6 0-1

[Event "World-chT Rapid"]
[Site "Dusseldorf"]
[Date "2023.08.26"]
[Round "3.15"]
[White "Ahn, Maximilian"]
[Black "Groeschel, Karoline"]
[Result "0-1"]
[WhiteElo "1690"]
[BlackElo "1934"]
[PlyCount "60"]
[EventDate "2023.08.26"]
[EventType "team-swiss (rapid)"]
[EventRounds "12"]
[EventCountry "GER"]
[SourceTitle "CBM 215 Extra"]
[Source "ChessBase"]
[SourceDate "2023.09.30"]
[SourceVersion "1"]
[SourceVersionDate "2023.09.30"]
[SourceQuality "1"]
[WhiteTeam "Aachen"]
[BlackTeam "Deutsche Schachjugend"]
[WhiteTeamCountry "GER"]
[BlackTeamCountry "GER"]

1. e4 c5 2. Nc3 e6 3. d4 cxd4 4. Qxd4 Nc6 5. Qd3 Nf6 6. Bf4 Bb4 7. Nge2 d5 8. 0-0-0 dxe4 9. Nxe4 Qxd3 10. Nxf6+ gxf6 11. Rxd3 Ne5 12. Bxe5 fxe5 13. f3 Bd7 14. Ng3 Bc6 15. Re3 f6 16. Bd3 Ke7 17. c3 Bc5 18. Re2 a5 19. Rhe1 h5 20. f4 Bd6 21. Ne4 Bc7 22. Bc2 Bb5 23. Rf2 exf4 24. Nc5 e5 25. Rd2 Bc6 26. Kb1 Bb6 27. Ne4 Rhg8 28. Bb3 Rg7 29. g3 Be3 30. Rd6 Bxe4+ 0-1

[Event "GER-ch Blitz (Women)"]
[Site "Viernheim"]
[Date "2023.07.15"]
[Round "5"]
[White "Groeschel, Karoline"]
[Black "Novikova, Margarita"]
[Result "0-1"]
[WhiteElo "1934"]
[BlackElo "1995"]
[PlyCount "154"]
[EventDate "2023.07.15"]
[EventType "tourn (blitz)"]
[EventRounds "27"]
[EventCountry "GER"]
[SourceTitle "CBM 215 Extra"]
[Source "ChessBase"]
[SourceDate "2023.09.30"]
[SourceVersion "1"]
[SourceVersionDate "2023.09.30"]
[SourceQuality "1"]

1. e4 d5 2. exd5 Qxd5 3. Nf3 Nf6 4. d4 c6 5. c4 Qd6 6. Nc3 Bg4 7. Be2 e6 8. h3 Bh5 9. Be3 Qc7 10. 0-0 Bd6 11. Rc1 Bf4 12. Qd2 Bxe3 13. Qxe3 0-0 14. Rfd1 Nbd7 15. a3 a5 16. Ne5 Bxe2 17. Qxe2 Rfe8 18. Kh1 Nxe5 19. dxe5 Nd7 20. f4 Rad8 21. Ne4 Qb6 22. c5 Qc7 23. Nd6 Rf8 24. Rd3 b6 25. cxb6 Qxb6 26. Rdc3 c5 27. Qf2 Rb8 28. R1c2 Qa6 29. Ne4 Rfc8 30. Nxc5 Nxc5 31. Rxc5 Rxc5 32. Rxc5 Rd8 33. Rc1 h5 34. Kh2 Qb5 35. Qh4 Qd3 36. Qf2 g6 37. Rc3 Qd5 38. Rc5 Qa8 39. Qe1 a4 40. Rc2 Qb7 41. Qf2 Qb3 42. Rd2 Rc8 43. Qg3 Kh7 44. Qxb3 axb3 45. g3 Rc2 46. Rg2 Kg8 47. Kg1 Kf8 48. Rf2 Ke7 49. Kf1 Kd7 50. Re2 Kc6 51. Ke1 Rc1+ 52. Kf2 Rc2 53. Ke3 Rc1 54. Kf3 Rc2 55. Ke3 Rc1 56. Kf3 Rc2 57. g4 Rc1 58. Rd2 Kb5 59. gxh5 gxh5 60. Ke3 Rh1 61. Ke4 Rxh3 62. f5 Rh4+ 63. Kf3 exf5 64. Kg3 Re4 65. Rd5+ Kc4 66. Ra5 Re2 67. Ra4+ Kd3 68. Rb4 Kc2 69. Rc4+ Kxb2 70. Rh4 Ka2 71. Rxh5 Rxe5 72. Kf4 Rb5 73. Rh2+ b2 74. Ke3 Ka1 75. Rh1+ b1Q 76. Rxb1+ Rxb1 77. Kf4 Rb3 0-1

[Event "GER-ch Blitz (Women)"]
[Site "Viernheim"]
[Date "2023.07.15"]
[Round "8"]
[White "Stangl, Anita"]
[Black "Groeschel, Karoline"]
[Result "1-0"]
[WhiteElo "2037"]
[BlackElo "1934"]
[PlyCount "155"]
[EventDate "2023.07.15"]
[EventType "tourn (blitz)"]
[EventRounds "27"]
[EventCountry "GER"]
[SourceTitle "CBM 215 Extra"]
[Source "ChessBase"]
[SourceDate "2023.09.30"]
[SourceVersion "1"]
[SourceVersionDate "2023.09.30"]
[SourceQuality "1"]

1. e4 c5 2. Nf3 e6 3. d4 cxd4 4. Nxd4 a6 5. Nc3 b5 6. a3 Bb7 7. Bd3 Qc7 8. 0-0 Nf6 9. Nde2 Bd6 10. h3 0-0 11. Kh1 Be7 12. f4 d6 13. Ng3 Nbd7 14. f5 e5 15. Bg5 Nc5 16. Qe2 h6 17. Be3 Ncd7 18. Rad1 Rac8 19. Nh5 Nxh5 20. Qxh5 Nf6 21. Qf3 Rfd8 22. Nd5 Nxd5 23. exd5 Bf6 24. Be4 Qc4 25. Qg4 Kf8 26. b3 Qc7 27. Qh5 Qa5 28. Bc1 Qb6 29. Rf3 b4 30. a4 a5 31. g4 Ba6 32. g5 hxg5 33. Rg3 Qf2 34. Rdg1 Be2 35. Bf3 Bxf3+ 36. Rxf3 Qh4 37. Qxh4 gxh4 38. Rg2 Rc7 39. Rff2 Rc5 40. Rd2 Rdc8 41. Kg1 Rc3 42. Kh2 Rf3 43. Rgf2 Rcc3 44. Rxf3 Rxf3 45. Re2 Rxf5 46. Kg2 Rf4 47. Bxf4 exf4 48. Kf3 g5 49. Re4 Be5 50. Rc4 f5 51. Rc7 g4+ 52. hxg4 fxg4+ 53. Kxg4 h3 54. Kxh3 f3 55. Ra7 Bd4 56. Ra8+ Ke7 57. Kg3 f2 58. Kg2 Bb6 59. Ra6 Bc5 60. Rxa5 Kf6 61. Rxc5 dxc5 62. Kxf2 Ke5 63. Ke3 Kxd5 64. Kd3 Kc6 65. Kc4 Kb6 66. Kd5 Ka5 67. Kxc5 Ka6 68. Kxb4 Kb6 69. a5+ Ka6 70. c4 Kb7 71. c5 Kc7 72. Kb5 Kb7 73. c6+ Kc7 74. a6 Kb8 75. Kb6 Ka8 76. b4 Kb8 77. c7+ Ka8 78. c8Q# 1-0